| 000 | 01117 a2200229 4500 | ||
|---|---|---|---|
| 010 | _aENG-89485-87 | ||
| 020 |
_a9788183189583 _c2400.00 (set) |
||
| 035 | _aEN-73018-20 | ||
| 037 | _bDBAD / PUB | ||
| 082 | 1 | 4 | _a658.503 |
| 090 |
_c11019 _d11019 |
||
| 245 | 1 |
_aEncyclopaedia of logistics management/ _cedited by Mohd. Shamim |
|
| 260 |
_aNew Delhi _bHimalaya Books _c2008 |
||
| 270 |
_a"Pooja Apartments", 4-B, Murari Lal Street, Ansari Road, Darya Ganj, _bNew Delhi _cDelhi _e110002 _k23270392, 23278631 _l011-23256286 _mhphdel@vsnl.com |
||
| 300 |
_a3v. (ix,348 p.; ix,,376 p.; ix,300p.) _c21 cm (Hb) |
||
| 500 | _aThis book published in 3 vols. set price is Rs.2400.00 & includes bibliographical references | ||
| 700 | _aMohd, Shamim | ||
| 942 |
_adpl _cEN _k658.503/ ENC |
||
| 999 |
_c10716 _d10716 |
||